000 00825nam a2200241 a 4500
001 BRCA_1133
005 20190320203309.0
008 850613s1983 mx-a---##b---f001-0#spa-#
020 _a9688370363
040 _aDLC
_cDLC
_dDLC
050 4 _aN6553
_b.T68 1983
100 1 _aToussaint, Manuel
_d1890-1955
_93734
245 1 0 _aArte colonial en México
_cManuel Toussaint.
250 _a4
260 _aMéxico
_bUNAM, Instituto de Investigaciones Estéticas
_c1983
300 _axiii, 303 p.
_bil. (algunas a color), 459 láminas (10 a color)
_c28 cm.
500 _aIncluye índice de ilustraciones e índice de personas y lugares
500 _aEstado físico: encuadernado, enero 2013
504 _aBibliografía : p. 262-263
650 1 4 _aArte colonial
_zMéxico
_93735
650 1 4 _aArte mexicano
_92321
942 _2lcc
_cB
999 _c1011
_d1011